000
00302nam a2200133Ia 4500
100
_a
Kamm/Lawrence J.
942
_c
BK
654
_a
mechanical
245
_a
Understanding Electro Mechanical egineering
260
_b
Prentice Hall
_c
2000
082
_a
621
_b
KAM
300
_a
382
546
_a
ENGLISH
999
_c
25862
_d
25862